000
00215 a2200097 4500
001
61564
090
_c
37096
_d
37096
245
_a
Armament (GD(P) Courses)
260
_a
PAF Press Masroor
_b
PAF Press Masroor
300
_a
ii130p.
942
_a
CAENUST
999
_c
296637
_d
296637